[Event "EYCC 2024 - O14"]
[Site "?"]
[Date "2024.08.23"]
[Round "2.9"]
[White "Ghazaryan, Narek E."]
[Black "Haug, Havard"]
[Result "0-1"]
[BlackElo "2315"]
[WhiteElo "2057"]
[LiveChessVersion "1.4.8"]

1. d4 {[%clk 1:30:20]} d5 {[%clk 1:30:55]} 2. c4 {[%clk 1:30:41]} e6
{[%clk 1:31:21]} 3. Nc3 {[%clk 1:31:05]} Nf6 {[%clk 1:31:38]} 4. Nf3
{[%clk 1:31:10]} dxc4 {[%clk 1:31:59]} 5. e4 {[%clk 1:30:22]} b5 {[%clk 1:32:08]}
6. e5 {[%clk 1:30:09]} Nd5 {[%clk 1:32:31]} 7. Nxb5 {[%clk 1:30:31]} Nb6
{[%clk 1:32:55]} 8. Nc3 {[%clk 1:29:21]} Nc6 {[%clk 1:26:25]} 9. Be2
{[%clk 1:25:07]} Be7 {[%clk 1:24:15]} 10. Qd2 {[%clk 1:20:41]} Bb7
{[%clk 1:19:20]} 11. O-O {[%clk 1:16:03]} Qd7 {[%clk 1:15:22]} 12. Rd1
{[%clk 1:14:49]} O-O-O {[%clk 1:06:21]} 13. b3 {[%clk 1:09:55]} cxb3
{[%clk 1:05:32]} 14. axb3 {[%clk 1:09:55]} g5 {[%clk 1:04:51]} 15. Qe1
{[%clk 0:38:04]} g4 {[%clk 1:02:40]} 16. d5 {[%clk 0:34:15]} exd5
{[%clk 0:59:50]} 17. Nd4 {[%clk 0:33:12]} Nxd4 {[%clk 0:49:16]} 18. Rxd4
{[%clk 0:33:33]} h5 {[%clk 0:49:38]} 19. Rxa7 {[%clk 0:29:02]} Bc5
{[%clk 0:47:42]} 20. Nb5 {[%clk 0:19:53]} Kb8 {[%clk 0:36:04]} 21. Qa5
{[%clk 0:11:22]} Qc6 {[%clk 0:34:47]} 22. Bf4 {[%clk 0:10:09]} Nc8
{[%clk 0:31:57]} 23. Rxb7+ {[%clk 0:08:14]} Qxb7 {[%clk 0:31:27]} 24. Rd1
{[%clk 0:05:57]} Bb6 {[%clk 0:30:05]} 25. Qa4 {[%clk 0:06:08]} Rhe8
{[%clk 0:28:25]} 26. Rc1 {[%clk 0:03:16]} Re6 {[%clk 0:27:56]} 27. Nd4
{[%clk 0:01:21]} Bxd4 {[%clk 0:27:59]} 28. Qxd4 {[%clk 0:01:50]} Ne7
{[%clk 0:26:54]} 29. b4 {[%clk 0:00:38]} Nc6 {[%clk 0:26:13]} 30. Qa1
{[%clk 0:01:07]} d4 {[%clk 0:23:14]} 31. Ba6 {[%clk 0:01:11]} Qa7
{[%clk 0:22:26]} 32. Qa4 {[%clk 0:00:40]} Ne7 {[%clk 0:22:45]} 33. b5
{[%clk 0:00:45]} Nd5 {[%clk 0:23:02]} 34. Bg5 {[%clk 0:00:41]} Rde8
{[%clk 0:22:52]} 35. Bd2 {[%clk 0:00:52]} Rxe5 {[%clk 0:23:09]} 36. Qc4
{[%clk 0:00:50]} Nc3 {[%clk 0:22:54]} 37. Rf1 {[%clk 0:00:50]} Ne4
{[%clk 0:20:46]} 38. Bf4 {[%clk 0:01:04]} Nd6 {[%clk 0:21:07]} 39. Qc6
{[%clk 0:01:19]} Qb6 {[%clk 0:20:06]} 40. Bxe5 {[%clk 0:01:25]} Qxc6
{[%clk 0:20:04]} 41. bxc6 {[%clk 0:01:50]} Rxe5 {[%clk 0:20:31]} 42. Rb1+
{[%clk 0:01:35]} Ka7 {[%clk 0:20:28]} 43. Bd3 {[%clk 0:01:45]} Rc5
{[%clk 0:20:48]} 44. Ra1+ {[%clk 0:01:20]} Kb8 {[%clk 0:21:06]} 45. Ra4
{[%clk 0:00:32]} Rxc6 {[%clk 0:18:50]} 46. Rxd4 {[%clk 0:00:46]} Rc1+
{[%clk 0:18:02]} 47. Bf1 {[%clk 0:01:12]} Kc8 {[%clk 0:18:29]} 48. g3
{[%clk 0:01:16]} Kd7 {[%clk 0:18:36]} 49. Kg2 {[%clk 0:01:08]} c5
{[%clk 0:18:44]} 50. Rd5 {[%clk 0:00:57]} f5 {[%clk 0:18:34]} 51. Be2
{[%clk 0:00:39]} Ke6 {[%clk 0:18:43]} 52. Rd1 {[%clk 0:00:49]} Rc2
{[%clk 0:16:59]} 53. Bd3 {[%clk 0:00:47]} Rb2 {[%clk 0:17:28]} 54. Rc1
{[%clk 0:01:00]} Rd2 {[%clk 0:17:37]} 55. Bb1 {[%clk 0:00:34]} c4
{[%clk 0:17:49]} 56. Kf1 {[%clk 0:00:59]} Rb2 {[%clk 0:17:22]} 57. Ke1
{[%clk 0:00:58]} Nb5 {[%clk 0:17:32]} 58. Bxf5+ {[%clk 0:00:34]} Kxf5
{[%clk 0:17:58]} 59. Rxc4 {[%clk 0:00:59]} Na3 {[%clk 0:15:09]} 60. Rc5+
{[%clk 0:01:20]} Ke4 {[%clk 0:15:32]} 61. Rxh5 {[%clk 0:01:43]} Nc2+
{[%clk 0:15:49]} 62. Kd2 {[%clk 0:01:37]} Ne3+ {[%clk 0:15:10]} 63. Kc1
{[%clk 0:00:44]} Rc2+ {[%clk 0:14:56]} 64. Kb1 {[%clk 0:01:09]} Rxf2
{[%clk 0:15:22]} 65. h3 {[%clk 0:01:35]} Nd5 {[%clk 0:15:46]} 66. Rh8
{[%clk 0:01:37]} Kd3 {[%clk 0:15:37]} 67. Rd8 {[%clk 0:01:26]} gxh3
{[%clk 0:15:56]} 68. Rxd5+ {[%clk 0:01:52]} Ke4 {[%clk 0:16:22]} 0-1

[Event "EYCC 2024 - O14"]
[Site "?"]
[Date "2024.08.23"]
[Round "2.10"]
[White "Korchynskyi, Mykola"]
[Black "Boci, Mateo"]
[Result "1-0"]
[BlackElo "2052"]
[WhiteElo "2312"]
[LiveChessVersion "1.4.8"]

1. d4 {[%clk 1:30:57]} Nf6 {[%clk 1:30:53]} 2. c4 {[%clk 1:31:22]} e6
{[%clk 1:31:17]} 3. Nf3 {[%clk 1:31:18]} d5 {[%clk 1:31:37]} 4. Nc3
{[%clk 1:31:43]} dxc4 {[%clk 1:30:43]} 5. e3 {[%clk 1:31:36]} a6 {[%clk 1:30:46]}
6. a4 {[%clk 1:30:12]} c5 {[%clk 1:29:01]} 7. Bxc4 {[%clk 1:30:24]} Nc6
{[%clk 1:28:37]} 8. O-O {[%clk 1:29:57]} Be7 {[%clk 1:24:52]} 9. b3
{[%clk 1:12:49]} O-O {[%clk 1:22:33]} 10. Bb2 {[%clk 0:59:50]} Qc7
{[%clk 1:16:59]} 11. dxc5 {[%clk 0:44:57]} Bxc5 {[%clk 1:16:32]} 12. Rc1
{[%clk 0:43:14]} b6 {[%clk 1:13:33]} 13. Bd3 {[%clk 0:36:11]} Rd8
{[%clk 1:01:06]} 14. Qe2 {[%clk 0:35:39]} Nb4 {[%clk 1:01:06]} 15. Bb1
{[%clk 0:26:11]} Bb7 {[%clk 1:00:44]} 16. Ng5 {[%clk 0:24:29]} Qe7
{[%clk 0:32:54]} 17. Nce4 {[%clk 0:21:25]} Nbd5 {[%clk 0:28:44]} 18. Nxf6+
{[%clk 0:16:02]} Nxf6 {[%clk 0:28:58]} 19. Bxf6 {[%clk 0:16:22]} gxf6
{[%clk 0:24:09]} 20. Qh5 {[%clk 0:16:13]} Kf8 {[%clk 0:19:41]} 21. Nxh7+
{[%clk 0:08:02]} Ke8 {[%clk 0:17:06]} 22. Qh4 {[%clk 0:07:30]} Kd7
{[%clk 0:09:38]} 23. Nxf6+ {[%clk 0:07:22]} Kc8 {[%clk 0:09:12]} 24. b4
{[%clk 0:07:40]} Kb8 {[%clk 0:08:36]} 25. bxc5 {[%clk 0:08:04]} Rg8
{[%clk 0:08:42]} 26. Qf4+ {[%clk 0:08:24]} e5 {[%clk 0:09:00]} 27. Nxg8
{[%clk 0:08:50]} 1-0

[Event "EYCC 2024 - O14"]
[Site "?"]
[Date "2024.08.23"]
[Round "2.11"]
[White "Meszaros, Casey Ryan"]
[Black "Delgerdalai, Bayarjavkhlan"]
[Result "0-1"]
[BlackElo "2278"]
[WhiteElo "2035"]
[LiveChessVersion "1.4.8"]

1. Nf3 {[%clk 1:30:44]} c5 {[%clk 1:28:27]} 2. e3 {[%clk 1:30:17]} d5
{[%clk 1:27:25]} 3. c4 {[%clk 1:28:42]} d4 {[%clk 1:26:22]} 4. exd4
{[%clk 1:27:29]} cxd4 {[%clk 1:26:46]} 5. d3 {[%clk 1:27:35]} e5 {[%clk 1:17:21]}
6. g3 {[%clk 1:27:02]} Nc6 {[%clk 1:16:14]} 7. Bg2 {[%clk 1:23:49]} Nf6
{[%clk 1:15:31]} 8. O-O {[%clk 1:24:03]} Nd7 {[%clk 1:15:46]} 9. Re1
{[%clk 1:24:18]} Be7 {[%clk 1:15:08]} 10. b3 {[%clk 1:21:34]} O-O
{[%clk 1:08:04]} 11. Ba3 {[%clk 1:19:19]} Bxa3 {[%clk 1:01:26]} 12. Nxa3
{[%clk 1:19:16]} Re8 {[%clk 1:00:54]} 13. Nc2 {[%clk 1:18:00]} a5
{[%clk 1:00:12]} 14. Qe2 {[%clk 1:13:48]} Nc5 {[%clk 0:54:48]} 15. Nd2
{[%clk 1:10:04]} f5 {[%clk 0:47:40]} 16. Bxc6 {[%clk 0:57:21]} bxc6
{[%clk 0:48:05]} 17. Nf3 {[%clk 0:56:55]} e4 {[%clk 0:42:17]} 18. Nfxd4
{[%clk 0:49:02]} Nxd3 {[%clk 0:41:53]} 19. Red1 {[%clk 0:46:42]} c5
{[%clk 0:35:25]} 20. Nb5 {[%clk 0:41:30]} f4 {[%clk 0:14:51]} 21. Ne1
{[%clk 0:34:55]} f3 {[%clk 0:07:21]} 22. Qe3 {[%clk 0:33:10]} Bb7
{[%clk 0:05:17]} 23. Nxd3 {[%clk 0:31:29]} exd3 {[%clk 0:05:40]} 24. Qxd3
{[%clk 0:31:27]} Re1+ {[%clk 0:06:01]} 25. Rxe1 {[%clk 0:31:01]} Qxd3
{[%clk 0:06:30]} 26. Re7 {[%clk 0:30:57]} Qf5 {[%clk 0:06:34]} 27. Kf1
{[%clk 0:30:54]} Rd8 {[%clk 0:06:40]} 28. Rae1 {[%clk 0:31:12]} Qh3+
{[%clk 0:07:06]} 0-1

[Event "EYCC 2024 - O14"]
[Site "?"]
[Date "2024.08.23"]
[Round "2.12"]
[White "Ral Lustig, Melvin"]
[Black "Villa Tornero, Alex"]
[Result "0-1"]
[BlackElo "2241"]
[WhiteElo "2019"]
[LiveChessVersion "1.4.8"]

1. d4 {[%clk 1:30:49]} Nf6 {[%clk 1:30:24]} 2. Nf3 {[%clk 1:31:03]} e6
{[%clk 1:30:38]} 3. c4 {[%clk 1:31:28]} c5 {[%clk 1:25:04]} 4. d5
{[%clk 1:31:30]} exd5 {[%clk 1:25:28]} 5. cxd5 {[%clk 1:31:53]} d6
{[%clk 1:25:50]} 6. Nc3 {[%clk 1:31:44]} g6 {[%clk 1:26:13]} 7. Nd2
{[%clk 1:32:00]} Bg7 {[%clk 1:26:21]} 8. e4 {[%clk 1:32:20]} O-O {[%clk 1:26:31]}
9. Be2 {[%clk 1:32:41]} Re8 {[%clk 1:26:40]} 10. O-O {[%clk 1:33:02]} Na6
{[%clk 1:26:21]} 11. f3 {[%clk 1:33:08]} Nc7 {[%clk 1:26:25]} 12. a4
{[%clk 1:33:31]} b6 {[%clk 1:26:11]} 13. Kh1 {[%clk 1:33:51]} Rb8
{[%clk 1:20:13]} 14. Nc4 {[%clk 1:34:14]} Ba6 {[%clk 1:07:25]} 15. Bg5
{[%clk 1:34:36]} h6 {[%clk 1:06:53]} 16. Be3 {[%clk 1:32:16]} Qd7
{[%clk 1:04:03]} 17. Re1 {[%clk 1:23:52]} Kh7 {[%clk 0:58:13]} 18. Qd2
{[%clk 1:20:56]} Bxc4 {[%clk 0:48:39]} 19. Bxc4 {[%clk 1:21:19]} a6
{[%clk 0:49:03]} 20. Bf1 {[%clk 1:20:29]} Qd8 {[%clk 0:41:24]} 21. Rab1
{[%clk 1:04:01]} b5 {[%clk 0:39:04]} 22. b4 {[%clk 1:02:13]} cxb4
{[%clk 0:29:13]} 23. Rxb4 {[%clk 1:02:26]} a5 {[%clk 0:29:43]} 24. Rxb5
{[%clk 0:58:40]} Nxb5 {[%clk 0:30:04]} 25. Nxb5 {[%clk 0:58:47]} Nxe4
{[%clk 0:27:34]} 26. fxe4 {[%clk 0:59:12]} Rxe4 {[%clk 0:27:59]} 27. Ba7
{[%clk 0:28:37]} Rxe1 {[%clk 0:26:25]} 28. Qxe1 {[%clk 0:29:05]} Rc8
{[%clk 0:25:40]} 29. Be3 {[%clk 0:18:26]} Rc2 {[%clk 0:20:04]} 30. Qd1
{[%clk 0:16:08]} Ra2 {[%clk 0:16:59]} 31. Bd4 {[%clk 0:13:31]} Qh4
{[%clk 0:12:22]} 32. Bc4 {[%clk 0:06:04]} Rxa4 {[%clk 0:08:32]} 33. Qxa4
{[%clk 0:04:51]} Bxd4 {[%clk 0:08:56]} 34. Bf1 {[%clk 0:00:46]} Qf2
{[%clk 0:09:20]} 35. Qxd4 {[%clk 0:01:12]} Qxf1+ {[%clk 0:09:47]} 36. Qg1
{[%clk 0:01:35]} Qxb5 {[%clk 0:10:15]} 37. Qd1 {[%clk 0:01:38]} a4
{[%clk 0:10:37]} 38. h3 {[%clk 0:01:42]} Qb3 {[%clk 0:10:24]} 39. Qd4
{[%clk 0:01:30]} a3 {[%clk 0:10:16]} 40. Qa7 {[%clk 0:01:55]} Kg8
{[%clk 0:10:28]} 0-1

[Event "EYCC 2024 - O14"]
[Site "?"]
[Date "2024.08.23"]
[Round "2.13"]
[White "Pycinski, Wladyslaw"]
[Black "Shevchenko, Yaroslav"]
[Result "1/2-1/2"]
[BlackElo "2038"]
[WhiteElo "2237"]
[LiveChessVersion "1.4.8"]

1. e4 {[%clk 1:30:45]} c5 {[%clk 1:30:34]} 2. Nf3 {[%clk 1:30:54]} e6
{[%clk 1:30:46]} 3. d4 {[%clk 1:30:25]} cxd4 {[%clk 1:30:51]} 4. Nxd4
{[%clk 1:30:40]} Nc6 {[%clk 1:30:25]} 5. Nc3 {[%clk 1:30:43]} Nf6
{[%clk 1:29:47]} 6. Nxc6 {[%clk 1:29:12]} bxc6 {[%clk 1:30:07]} 7. e5
{[%clk 1:29:35]} Nd5 {[%clk 1:30:21]} 8. Ne4 {[%clk 1:29:59]} Qc7
{[%clk 1:30:22]} 9. f4 {[%clk 1:29:57]} f5 {[%clk 1:29:35]} 10. Nf2
{[%clk 1:20:26]} Ba6 {[%clk 1:19:06]} 11. Bxa6 {[%clk 0:58:34]} Qa5+
{[%clk 1:19:22]} 12. Bd2 {[%clk 0:54:18]} Qxa6 {[%clk 1:19:36]} 13. Qe2
{[%clk 0:54:22]} Qb6 {[%clk 1:16:10]} 14. Nd3 {[%clk 0:51:13]} Be7
{[%clk 1:15:28]} 15. Qf2 {[%clk 0:47:20]} Nb4 {[%clk 0:53:21]} 16. Bxb4
{[%clk 0:40:29]} Bxb4+ {[%clk 0:53:39]} 17. c3 {[%clk 0:40:44]} Be7
{[%clk 0:53:55]} 18. O-O {[%clk 0:39:29]} g5 {[%clk 0:43:51]} 19. Kh1
{[%clk 0:33:06]} Rb8 {[%clk 0:34:58]} 20. Qe2 {[%clk 0:29:48]} g4
{[%clk 0:34:39]} 21. Rfd1 {[%clk 0:28:02]} h5 {[%clk 0:30:31]} 22. Rd2
{[%clk 0:26:17]} Qa6 {[%clk 0:25:57]} 23. Ne1 {[%clk 0:21:14]} Qxe2
{[%clk 0:23:35]} 24. Rxe2 {[%clk 0:20:49]} Kd8 {[%clk 0:22:46]} 25. Rd1
{[%clk 0:16:50]} Kc7 {[%clk 0:22:14]} 26. Red2 {[%clk 0:15:57]} Rhd8
{[%clk 0:22:23]} 27. b3 {[%clk 0:15:18]} Rb5 {[%clk 0:22:32]} 28. c4
{[%clk 0:12:01]} Rb7 {[%clk 0:22:55]} 29. Nd3 {[%clk 0:12:07]} Ba3
{[%clk 0:20:35]} 30. Nb2 {[%clk 0:11:16]} Bxb2 {[%clk 0:20:45]} 31. Rxb2
{[%clk 0:11:16]} Rdb8 {[%clk 0:19:00]} 32. Rbd2 {[%clk 0:10:08]} 1/2-1/2

[Event "EYCC 2024 - O14"]
[Site "?"]
[Date "2024.08.23"]
[Round "2.14"]
[White "Durucay, Uygar"]
[Black "Guretchii, Kirill"]
[Result "0-1"]
[BlackElo "2034"]
[WhiteElo "2234"]
[LiveChessVersion "1.4.8"]

1. d4 {[%clk 1:30:43]} d5 {[%clk 1:30:48]} 2. c4 {[%clk 1:31:05]} e6
{[%clk 1:31:12]} 3. Nc3 {[%clk 1:31:25]} Nf6 {[%clk 1:31:21]} 4. cxd5
{[%clk 1:31:19]} exd5 {[%clk 1:31:38]} 5. Bg5 {[%clk 1:31:36]} c6
{[%clk 1:31:58]} 6. e3 {[%clk 1:31:41]} h6 {[%clk 1:32:21]} 7. Bh4
{[%clk 1:25:44]} Be7 {[%clk 1:32:38]} 8. Bd3 {[%clk 1:25:57]} O-O
{[%clk 1:32:58]} 9. Nge2 {[%clk 1:26:11]} Re8 {[%clk 1:33:17]} 10. Qc2
{[%clk 1:26:16]} Nbd7 {[%clk 1:33:38]} 11. O-O {[%clk 1:26:21]} a5
{[%clk 1:33:12]} 12. f3 {[%clk 1:21:11]} b5 {[%clk 1:25:31]} 13. Bf2
{[%clk 1:20:40]} Ba6 {[%clk 1:15:18]} 14. h3 {[%clk 1:14:46]} Qb6
{[%clk 0:59:15]} 15. Qd2 {[%clk 1:00:28]} b4 {[%clk 0:54:32]} 16. Na4
{[%clk 1:00:17]} Qb7 {[%clk 0:53:38]} 17. Bxa6 {[%clk 0:57:34]} Qxa6
{[%clk 0:52:41]} 18. Nf4 {[%clk 0:56:39]} Qb5 {[%clk 0:52:03]} 19. b3
{[%clk 0:56:49]} Nb6 {[%clk 0:47:14]} 20. Nxb6 {[%clk 0:55:31]} Qxb6
{[%clk 0:47:34]} 21. Rfe1 {[%clk 0:53:51]} Bd6 {[%clk 0:46:58]} 22. Nd3
{[%clk 0:53:34]} Re7 {[%clk 0:41:33]} 23. Rac1 {[%clk 0:50:34]} a4
{[%clk 0:39:08]} 24. Qc2 {[%clk 0:50:32]} axb3 {[%clk 0:37:09]} 25. axb3
{[%clk 0:50:57]} Ra6 {[%clk 0:27:03]} 26. Nb2 {[%clk 0:40:01]} Ra2
{[%clk 0:22:13]} 27. Qb1 {[%clk 0:24:37]} Qa6 {[%clk 0:20:39]} 28. Rc2
{[%clk 0:22:56]} Ra3 {[%clk 0:18:38]} 29. Na4 {[%clk 0:23:04]} Re6
{[%clk 0:17:17]} 30. Rce2 {[%clk 0:15:32]} Nh5 {[%clk 0:12:40]} 31. Qc2
{[%clk 0:14:42]} Qc8 {[%clk 0:11:46]} 32. g4 {[%clk 0:12:09]} Nf6
{[%clk 0:08:15]} 33. Kh1 {[%clk 0:05:28]} h5 {[%clk 0:07:58]} 34. Kg2
{[%clk 0:01:12]} hxg4 {[%clk 0:06:45]} 35. hxg4 {[%clk 0:01:41]} Nxg4
{[%clk 0:05:50]} 36. fxg4 {[%clk 0:00:40]} Rg6 {[%clk 0:06:04]} 37. Rg1
{[%clk 0:00:34]} Qxg4+ {[%clk 0:06:19]} 38. Kf1 {[%clk 0:01:03]} Qh3+
{[%clk 0:06:39]} 39. Ke1 {[%clk 0:01:32]} Ra1+ {[%clk 0:06:44]} 40. Kd2
{[%clk 0:02:01]} Rgxg1 {[%clk 0:06:27]} 41. Bxg1 {[%clk 0:02:30]} Rxg1
{[%clk 0:06:42]} 42. Qxc6 {[%clk 0:02:50]} Qf1 {[%clk 0:06:29]} 43. Qc8+
{[%clk 0:00:44]} Kh7 {[%clk 0:05:35]} 44. Qc2+ {[%clk 0:00:45]} g6
{[%clk 0:05:34]} 45. Nb6 {[%clk 0:00:44]} Qa1 {[%clk 0:03:18]} 46. Nxd5
{[%clk 0:00:35]} Kg7 {[%clk 0:02:31]} 47. Nb6 {[%clk 0:00:43]} Rd1+
{[%clk 0:02:48]} 0-1

[Event "EYCC 2024 - O14"]
[Site "?"]
[Date "2024.08.23"]
[Round "2.15"]
[White "Malinowsky, Levi"]
[Black "Gkavardinas, Antonios"]
[Result "0-1"]
[BlackElo "2222"]
[WhiteElo "2006"]
[LiveChessVersion "1.4.8"]

1. e4 {[%clk 1:30:57]} c5 {[%clk 1:30:48]} 2. Nf3 {[%clk 1:31:12]} d6
{[%clk 1:31:11]} 3. d4 {[%clk 1:31:23]} cxd4 {[%clk 1:31:35]} 4. Nxd4
{[%clk 1:31:45]} Nf6 {[%clk 1:31:59]} 5. Nc3 {[%clk 1:32:00]} a6 {[%clk 1:32:23]}
6. Bg5 {[%clk 1:31:46]} e6 {[%clk 1:32:40]} 7. f4 {[%clk 1:31:46]} Be7
{[%clk 1:33:03]} 8. Qf3 {[%clk 1:31:38]} Qc7 {[%clk 1:33:25]} 9. O-O-O
{[%clk 1:31:19]} Nbd7 {[%clk 1:33:48]} 10. g4 {[%clk 1:30:26]} h6
{[%clk 1:33:57]} 11. Bxf6 {[%clk 1:29:47]} Bxf6 {[%clk 1:34:25]} 12. h4
{[%clk 1:28:39]} Nb6 {[%clk 1:34:48]} 13. g5 {[%clk 1:27:02]} Bxd4
{[%clk 1:35:12]} 14. Rxd4 {[%clk 1:27:19]} Qc5 {[%clk 1:35:37]} 15. Qd3
{[%clk 1:19:43]} hxg5 {[%clk 1:35:58]} 16. fxg5 {[%clk 1:06:09]} Rxh4
{[%clk 1:34:21]} 17. Rxh4 {[%clk 1:02:47]} Qxg5+ {[%clk 1:34:43]} 18. Qd2
{[%clk 0:57:37]} Qxh4 {[%clk 1:35:04]} 19. Rxd6 {[%clk 0:57:46]} Nd7
{[%clk 1:34:08]} 20. Bg2 {[%clk 0:51:23]} Ne5 {[%clk 1:27:58]} 21. Qd4
{[%clk 0:37:11]} Qg5+ {[%clk 1:24:26]} 22. Kb1 {[%clk 0:36:00]} Bd7
{[%clk 1:22:59]} 23. Bf1 {[%clk 0:33:11]} Bc6 {[%clk 1:19:21]} 24. b4
{[%clk 0:27:43]} Nd7 {[%clk 1:16:42]} 25. Bc4 {[%clk 0:22:46]} Qf6
{[%clk 1:11:09]} 26. Qd2 {[%clk 0:19:56]} Qe5 {[%clk 1:08:36]} 27. a4
{[%clk 0:18:16]} Nf6 {[%clk 1:06:58]} 28. Rd4 {[%clk 0:15:38]} Nxe4
{[%clk 0:59:24]} 29. Nxe4 {[%clk 0:15:04]} Bxe4 {[%clk 0:59:47]} 30. Qc3
{[%clk 0:14:16]} Qf5 {[%clk 0:58:18]} 31. b5 {[%clk 0:13:23]} Kf8
{[%clk 0:52:52]} 32. Qd2 {[%clk 0:11:41]} Kg8 {[%clk 0:50:43]} 33. Rd8+
{[%clk 0:11:09]} Rxd8 {[%clk 0:51:05]} 34. Qxd8+ {[%clk 0:11:35]} Kh7
{[%clk 0:51:26]} 35. Qh4+ {[%clk 0:11:35]} Kg6 {[%clk 0:48:21]} 36. Qg3+
{[%clk 0:11:35]} Kf6 {[%clk 0:47:32]} 37. Qh4+ {[%clk 0:11:40]} g5
{[%clk 0:46:28]} 38. Qh8+ {[%clk 0:11:32]} Ke7 {[%clk 0:45:02]} 39. bxa6
{[%clk 0:09:42]} bxa6 {[%clk 0:43:51]} 40. Bxa6 {[%clk 0:09:11]} Bxc2+
{[%clk 0:43:40]} 41. Kb2 {[%clk 0:09:18]} Bxa4 {[%clk 0:43:41]} 42. Qh2
{[%clk 0:09:12]} Bd7 {[%clk 0:43:28]} 43. Qc7 {[%clk 0:08:50]} g4
{[%clk 0:42:37]} 44. Bc8 {[%clk 0:09:03]} Qb5+ {[%clk 0:42:50]} 45. Ka1
{[%clk 0:09:24]} Qc6 {[%clk 0:42:59]} 46. Qb8 {[%clk 0:09:03]} Qa4+
{[%clk 0:41:02]} 47. Kb1 {[%clk 0:09:18]} Qb5+ {[%clk 0:41:28]} 0-1

[Event "EYCC 2024 - O14"]
[Site "?"]
[Date "2024.08.23"]
[Round "2.16"]
[White "Katsanis, Vasileios Dim"]
[Black "Banerjee, Aryan"]
[Result "1/2-1/2"]
[BlackElo "1995"]
[WhiteElo "2222"]
[LiveChessVersion "1.4.8"]

1. d4 {[%clk 1:30:56]} d5 {[%clk 1:30:54]} 2. c4 {[%clk 1:31:22]} e6
{[%clk 1:31:15]} 3. Nc3 {[%clk 1:31:49]} a6 {[%clk 1:31:38]} 4. cxd5
{[%clk 1:32:12]} exd5 {[%clk 1:31:53]} 5. Nf3 {[%clk 1:32:28]} h6
{[%clk 1:31:42]} 6. Bf4 {[%clk 1:32:51]} Nf6 {[%clk 1:32:06]} 7. e3
{[%clk 1:33:15]} Bd6 {[%clk 1:32:28]} 8. Bxd6 {[%clk 1:33:28]} Qxd6
{[%clk 1:32:50]} 9. Qc2 {[%clk 1:33:25]} O-O {[%clk 1:33:06]} 10. Bd3
{[%clk 1:33:13]} Nc6 {[%clk 1:32:37]} 11. a3 {[%clk 1:33:24]} Ne7
{[%clk 1:33:03]} 12. O-O {[%clk 1:33:31]} g6 {[%clk 1:33:13]} 13. Rac1
{[%clk 1:29:49]} Bf5 {[%clk 1:30:32]} 14. Bxf5 {[%clk 1:30:03]} Nxf5
{[%clk 1:30:51]} 15. Na4 {[%clk 1:30:02]} c6 {[%clk 1:29:51]} 16. Nc5
{[%clk 1:28:42]} Qe7 {[%clk 1:21:51]} 17. Ne5 {[%clk 1:26:44]} Ne4
{[%clk 1:17:49]} 18. Rfe1 {[%clk 1:05:03]} Nxc5 {[%clk 1:10:45]} 19. Qxc5
{[%clk 1:05:25]} Rfe8 {[%clk 0:54:11]} 20. b4 {[%clk 0:51:29]} Nd6
{[%clk 0:53:58]} 21. a4 {[%clk 0:50:11]} Ne4 {[%clk 0:37:25]} 22. Qxe7
{[%clk 0:50:23]} Rxe7 {[%clk 0:37:51]} 23. a5 {[%clk 0:37:55]} Kg7
{[%clk 0:30:27]} 24. Rc2 {[%clk 0:37:09]} f6 {[%clk 0:28:10]} 25. Nd3
{[%clk 0:37:33]} Rae8 {[%clk 0:27:58]} 26. f3 {[%clk 0:37:13]} Nd6
{[%clk 0:27:37]} 27. Kf2 {[%clk 0:37:32]} Nc4 {[%clk 0:16:36]} 28. Rce2
{[%clk 0:37:09]} f5 {[%clk 0:16:29]} 29. Nc5 {[%clk 0:36:54]} Nd6
{[%clk 0:16:31]} 30. h3 {[%clk 0:32:53]} Kf7 {[%clk 0:10:54]} 31. g4
{[%clk 0:31:37]} Kf6 {[%clk 0:10:48]} 32. Nd3 {[%clk 0:27:40]} Nc4
{[%clk 0:11:01]} 33. Nf4 {[%clk 0:27:15]} Nd6 {[%clk 0:08:21]} 34. gxf5
{[%clk 0:26:35]} Nxf5 {[%clk 0:08:39]} 35. Nd3 {[%clk 0:25:52]} Nd6
{[%clk 0:08:00]} 36. Ne5 {[%clk 0:23:19]} Nf7 {[%clk 0:08:03]} 37. Nxf7
{[%clk 0:18:30]} Rxf7 {[%clk 0:07:10]} 38. e4 {[%clk 0:16:25]} dxe4
{[%clk 0:07:34]} 39. fxe4 {[%clk 0:15:15]} Ke6+ {[%clk 0:07:31]} 40. Ke3
{[%clk 0:14:17]} Ref8 {[%clk 0:07:16]} 41. Kd3 {[%clk 0:14:45]} Rf3+
{[%clk 0:06:53]} 42. Re3 {[%clk 0:15:12]} g5 {[%clk 0:05:40]} 43. Kc4
{[%clk 0:13:51]} Rf2 {[%clk 0:04:46]} 44. Kc5 {[%clk 0:11:44]} R8f7
{[%clk 0:04:28]} 45. d5+ {[%clk 0:10:12]} Ke5 {[%clk 0:04:47]} 46. Rc3
{[%clk 0:09:55]} R7f6 {[%clk 0:03:17]} 47. d6 {[%clk 0:03:16]} Rxd6
{[%clk 0:03:24]} 48. Kb6 1/2-1/2